Представление документа в формате RUSMARC

ПолеНазваниеЗначение
  Тип записи a
  Библиографический уровень m
001 Контрольный номер RU/УОНБ/EK/554057739
005 Дата корректировки 20240131000933.9
010 Индекс ISBN __
d Цена 15 к.
9 Тираж 1000 экз.
100 Данные общей обработки __
a Данные общей обработки 20170722d1979 u y0rusy0189||||ca
101 Язык документа 0_
a Язык текста rus
102 Страна публикации __
a Страна публикации RU
105 Кодированные данные (монография) __
a Кодированные данные (монография) y z 000yy
200 Заглавие и сведения об ответственности 1_
a Заглавие Технике - высокую эффективность
f Первые сведения об ответственности Г.С. Медунов
g Последующие сведения об ответственности Кубан. с.-х. ин-т
210 Выходные данные 1_
a Место издания Краснодар
c Издательство Кн. изд-во
d Дата издания 1979
215 Физическое описание __
a Объем 69 с.
d Формат 20 см
606 Тематические рубрики 0_
a Основная рубрика Сельскохозяйственные предприятия
x Основная подрубрика Использование техники
y Географическая подрубрика Краснодарский край
610 Ключевые слова 0_
a Ключевые слова сельскохозяйственные предприятия Краснодарского края
686 Индексы других классификаций __
a Классификационный индекс 40.72-082
2 Код системы rubbk
700 Автор _1
a Фамилия Медунов
b Имя (инициалы) Г.С.
g Полное личное имя Георгий Сергеевич
801 Источник записи _0
a Страна RU
b Организация Ульяновская ОНБ
c Дата составления 20170722
g Правила каталогизации RCR
801 Источник записи _1
a Страна RU
b Организация Ульяновская ОНБ
c Дата составления 20170722
g Правила каталогизации RCR
901 Тип документа __
t Тип документа m
909 Создатель записи __
a Создатель записи Милешина
938 Служебная информация __
a Имя БД retro
b Имя библиотеки УОНБ
c Имя АИБС МАРК-SQL
d Номер DOC_ID в БД 223018